| 000 | 00688nam a2200193 a 4500 | ||
|---|---|---|---|
| 005 | 20140412111324.0 | ||
| 008 | 000829s19uu xx 00 eng d | ||
| 020 | _a1-85697-320-4 | ||
| 050 |
_aREF 030 _bW872 1999 |
||
| 100 | _aPaker, Josephine | ||
| 245 |
_aI wonder why flutes have holes : _band other questions about music / _cJosephine Paker. |
||
| 260 |
_aDanbury, Connecticut : _bGrolier Inc, _c1999. |
||
| 300 | _a32 p. | ||
| 440 | _aI wonder why | ||
| 500 | _aIncludes index | ||
| 520 | _aI Wonder Why Flutes Have Holes is jam-packed with fascinating facts about music, from 'Are rattles just for babies?' to 'Which composer was deaf?' | ||
| 650 | _aMusic | ||
| 999 |
_c104531 _d104531 |
||